000 01734cam a2200397 a 4500
001 2125816
003 OSt
005 20240709155828.0
008 970730s1997 cou b 001 0 eng
010 _a 97030479
020 _a0813329361 (hardcover : alk. paper)
020 _a081332937X (pbk)
040 _cmust
043 _an-us-ny
050 0 0 _aHQ557.N5
_bW65 1998
082 0 0 _a306.85 WOJ 1998
_221
100 2 _aWojcicka Sharff, Jagna.
_918569
245 0 0 _aKing Kong on 4th Street :
_bfamilies and the violence of poverty on the Lower East Side /
_cJagna Wojcicka Sharff.
246 3 _aKing Kong on Fourth Street
260 _aBoulder, Colo. :
_bWestview Press,
_c1998.
300 _ax, 258 p. ;
_c24 cm.
440 0 _aInstitutional structures of feeling
_918570
504 _aIncludes bibliographical references (p. 239-243) and index.
650 0 _aFamilies
_zNew York (State)
_zNew York.
_918571
650 0 _aHispanic American families
_zNew York (State)
_zNew York.
_918572
650 0 _aPoor
_zNew York (State)
_zNew York.
_918573
650 0 _aSex role
_zNew York (State)
_zNew York.
_918574
650 0 _aKinship
_zNew York (State)
_zNew York.
_918575
651 0 _aLower East Side (New York, N.Y.)
_xSocial conditions.
_918576
651 0 _aLower East Side (New York, N.Y.)
_xEconomic conditions.
_918577
856 4 2 _3Contributor biographical information
_uhttp://www.loc.gov/catdir/enhancements/fy0833/97030479-b.html
856 4 2 _3Publisher description
_uhttp://www.loc.gov/catdir/enhancements/fy0833/97030479-d.html
906 _a7
_bcbc
_corignew
_d1
_eocip
_f19
_gy-gencatlg
942 _2ddc
_cO_SHELF
999 _c9127
_d9127